00854nam a2200181Ia 4500001000700000008004100007020001800048082001700066100002000083245010400103250001100207260003700218300001100255500017500266503001700441650002200458700019200480Z_2907220601s9999 xx 000 0 und d a968-25-0782-0 a636.214 B38y aBath, Donald L. aGanado lechero : principios, prácticas, problemas y beneficios / por Donald L. Bath; [et. ál.] a2a ed. aMéxico, D. F. : Interamericana a541 p. aTraducción y adaptación de la segunda 2a ed. en inglés de 1978 de la obra: Dary Cattle: principles, practices, problems, profits.Priera edición en español 1982 a1697, 129540 a1. Ganado lechero aI. Dickinson, Frank, coautor II. Tucker, H. Allen, coautor III. Appleman, Robert D. caoutor IV. Contín Sanz, Agustín, traductor V. González Muñoz, Sergio, revisión técnica.Ì